Alle Nobelpreisträger für Chemie - Statistiken

Allgemein
  • Dieses Quiz wurde 10 mal gespielt
  • Das Durchschnittsergebnis liegt bei 8 aus 200
Antwortstatistiken
Jahr Name Land Land Grund % Korrekt
1911 Marie Curie Frankreich Entdeckung von Radium und Polonium
100%
1935 Frédéric Joliot-Curie Frankreich Synthese neuer radioaktiver Elemente
90%
1935 Irène Joliot-Curie Frankreich Synthese neuer radioaktiver Elemente
90%
1931 Carl Bosch Deutsches Reich Chemische Hochdruckverfahren
40%
1918 Fritz Haber Deutsches Reich Synthese von Ammoniak (Haber-Bosch)
40%
1908 Ernest Rutherford Vereinigtes Königreich Radioaktivität und Zerfall der Elemente
30%
1902 Emil Fischer Deutsches Reich Zucker- und Purinsynthesen
20%
1973 Ernst Otto Fischer BR Deutschland Metallorganische Sandwichkomplexe
20%
2018 George P. Smith Vereinigte Staaten Phagen-Display von Peptiden und Antikörpern
20%
1930 Hans Fischer Deutsches Reich Blut- und Pflanzenfarbstoffe, Häminsynthese
20%
1950 Kurt Alder BR Deutschland Entdeckung der Dien-Synthese
20%
1954 Linus Pauling Vereinigte Staaten Natur der chemischen Bindung
20%
1993 Michael Smith Kanada Ortsgerichtete Mutagenese von DNA
20%
1944 Otto Hahn Deutsches Reich Entdeckung der Kernspaltung
20%
1912 Victor Grignard Frankreich Entdeckung des Grignard-Reagenz
20%
1986 Yuan T. Lee Vereinigte Staaten Dynamik chemischer Elementarprozesse
20%
1905 Adolf von Baeyer Deutsches Reich Organische Farbstoffe und hydroaromatische Verbindungen
10%
1913 Alfred Werner Schweiz Bindungsverhältnisse in anorganischen Molekülen
10%
2021 Benjamin List Deutschland Asymmetrische Organokatalyse
10%
2024 David Baker Vereinigte Staaten Computergestütztes Proteindesign
10%
1994 George A. Olah Vereinigte Staaten Chemie der Carbokationen
10%
1979 Georg Wittig BR Deutschland Phosphorverbindungen in der organischen Synthese
10%
1963 Giulio Natta Italien Katalysatoren für die Polymerisation
10%
1953 Hermann Staudinger BR Deutschland Makromolekulare Chemie
10%
1901 Jacobus Henricus van 't Hoff Niederlande Chemische Dynamik und osmotischer Druck
10%
1963 Karl Ziegler BR Deutschland Katalysatoren für die Polymerisation
10%
2025 Omar Yaghi Vereinigte Staaten Entdeckung metallorganischer Gerüstverbindungen
10%
1950 Otto Diels BR Deutschland Entdeckung der Dien-Synthese
10%
1980 Paul Berg Vereinigte Staaten Biochemie der Nukleinsäuren und Hybrid-DNA
10%
2010 Richard F. Heck Vereinigte Staaten Palladiumkatalysierte Kreuzkupplungen
10%
1991 Richard R. Ernst Schweiz Hochauflösende kernmagnetische Resonanzspektroskopie
10%
1915 Richard Willstätter Deutsches Reich Untersuchungen von Pflanzenfarbstoffen (Chlorophyll)
10%
1981 Roald Hoffmann Vereinigte Staaten Theorien über chemische Reaktionen
10%
1988 Robert Huber BR Deutschland Struktur des photosynthetischen Reaktionszentrums
10%
2001 Ryōji Noyori Japan Chiral katalysierende Hydrierungsreaktionen
10%
1920 Walther Nernst Deutsches Reich Thermochemische Arbeiten
10%
1909 Wilhelm Ostwald Deutsches Reich Arbeiten über die Katalyse
10%
2004 Aaron Ciechanover Israel Ubiquitin-vermittelter Proteinabbau
0%
1982 Aaron Klug Vereinigtes Königreich Struktur von Nukleinsäure-Protein-Komplexen
0%
2009 Ada Yonath Israel Struktur und Funktion des Ribosoms
0%
1939 Adolf Butenandt Deutsches Reich Arbeiten über Sexualhormone
0%
1928 Adolf Windaus Deutsches Reich Aufbau der Sterine und Vitamine
0%
1999 Ahmed Zewail Ägypten Vereinigte Staaten Femtosekundenspektroskopie chemischer Reaktionen
0%
2010 Akira Suzuki Japan Palladiumkatalysierte Kreuzkupplungen
0%
2019 Akira Yoshino Japan Entwicklung von Lithium-Ionen-Batterien
0%
2000 Alan J. Heeger Vereinigte Staaten Leitfähige Polymere
0%
2000 Alan MacDiarmid Vereinigte Staaten Neuseeland Leitfähige Polymere
0%
1957 Alexander Robertus Todd Vereinigtes Königreich Nukleotide und Nukleotid-Coenzyme
0%
2023 Alexei Iwanowitsch Jekimow Russland Entdeckung und Synthese von Quantenpunkten
0%
1952 Archer J. P. Martin Vereinigtes Königreich Erfindung der Verteilungschromatographie
0%
2013 Arieh Warshel Vereinigte Staaten Israel Computermodelle für komplexe chemische Systeme
0%
1948 Arne Tiselius Schweden Elektrophorese und Serum-Proteine
0%
1929 Arthur Harden Vereinigtes Königreich Zuckervergärung und Enzyme
0%
1945 Artturi Ilmari Virtanen Finnland Konservierung von Futtermitteln
0%
2004 Avram Hershko Israel Ubiquitin-vermittelter Proteinabbau
0%
2015 Aziz Sancar Vereinigte Staaten Türkei Mechanismen der DNA-Reparatur
0%
2001 Barry Sharpless Vereinigte Staaten Chiral katalysierende Oxidationsreaktionen
0%
2022 Barry Sharpless Vereinigte Staaten Click-Chemie und bioorthogonale Chemie
0%
2016 Ben Feringa Niederlande Design und Synthese molekularer Maschinen
0%
2012 Brian Kobilka Vereinigte Staaten G-Protein-gekoppelte Rezeptoren
0%
2022 Carolyn Bertozzi Vereinigte Staaten Click-Chemie und bioorthogonale Chemie
0%
1987 Charles Pedersen Vereinigte Staaten Moleküle mit strukturspezifischer Wechselwirkung
0%
1972 Christian B. Anfinsen Vereinigte Staaten Aminosäuresequenz und biologische Aktivität (Ribonuklease)
0%
1956 Cyril Norman Hinshelwood Vereinigtes Königreich Mechanismus chemischer Reaktionen
0%
2011 Dan Shechtman Israel Entdeckung der Quasikristalle
0%
2021 David MacMillan Vereinigte Staaten Vereinigtes Königreich Asymmetrische Organokatalyse
0%
2024 Demis Hassabis Vereinigtes Königreich Vorhersage von Proteinstrukturen
0%
1969 Derek H. R. Barton Vereinigtes Königreich Konformationsanalyse in der Chemie
0%
1987 Donald J. Cram Vereinigte Staaten Moleküle mit strukturspezifischer Wechselwirkung
0%
1964 Dorothy Crowfoot Hodgkin Vereinigtes Königreich Röntgenstrukturanalyse biochemischer Substanzen
0%
1986 Dudley R. Herschbach Vereinigte Staaten Dynamik chemischer Elementarprozesse
0%
1907 Eduard Buchner Deutsches Reich Entdeckung der zellfreien Gärung
0%
1951 Edwin Mattison McMillan Vereinigte Staaten Chemie der Transurane
0%
2010 Ei-ichi Negishi Japan Palladiumkatalysierte Kreuzkupplungen
0%
1990 Elias James Corey Vereinigte Staaten Theorie und Methodik organischer Synthesen
0%
2020 Emmanuelle Charpentier Frankreich CRISPR/Cas9-Genschere
0%
2014 Eric Betzig Vereinigte Staaten Hochauflösende Fluoreszenzmikroskopie
0%
2018 Frances H. Arnold Vereinigte Staaten Gerichtete Evolution von Enzymen
0%
1922 Francis William Aston Vereinigtes Königreich Entdeckung von Isotopen mittels Massenspektrograph
0%
1995 Frank Sherwood Rowland Vereinigte Staaten Chemie der Atmosphäre und Ozonabbau
0%
2016 Fraser Stoddart Vereinigte Staaten Vereinigtes Königreich Design und Synthese molekularer Maschinen
0%
1958 Frederick Sanger Vereinigtes Königreich Struktur von Proteinen (Insulin)
0%
1980 Frederick Sanger Vereinigtes Königreich Basensequenzen in Nukleinsäuren
0%
1921 Frederick Soddy Vereinigtes Königreich Chemie radioaktiver Stoffe und Isotope
0%
1931 Friedrich Bergius Deutsches Reich Chemische Hochdruckverfahren
0%
1923 Fritz Pregl Österreich Mikroanalyse organischer Substanzen
0%
1981 Fukui Ken'ichi Japan Theorien über chemische Reaktionen
0%
1973 Geoffrey Wilkinson Vereinigtes Königreich Metallorganische Sandwichkomplexe
0%
1943 George de Hevesy Ungarn Isotope als Indikatoren chemischer Prozesse
0%
1967 George Porter Vereinigtes Königreich Extrem schnelle chemische Reaktionen
0%
2007 Gerhard Ertl Deutschland Chemische Prozesse an Festkörperoberflächen
0%
1971 Gerhard Herzberg Kanada Elektronenstruktur und Geometrie von Molekülen
0%
1951 Glenn T. Seaborg Vereinigte Staaten Chemie der Transurane
0%
2018 Gregory Winter Vereinigtes Königreich Phagen-Display von Peptiden und Antikörpern
0%
1929 Hans von Euler-Chelpin Schweden Zuckervergärung und Enzyme
0%
1934 Harold C. Urey Vereinigte Staaten Entdeckung des schweren Wasserstoffs
0%
1996 Harold Kroto Vereinigtes Königreich Entdeckung der Fullerene
0%
1988 Hartmut Michel BR Deutschland Struktur des photosynthetischen Reaktionszentrums
0%
1927 Heinrich Wieland Deutsches Reich Erforschung von Gallensäuren
0%
1906 Henri Moissan Frankreich Isolierung des Elements Fluor
0%
1983 Henry Taube Vereinigte Staaten Elektronenübertragung in Metallkomplexen
0%
1985 Herbert A. Hauptman Vereinigte Staaten Direkte Methoden der Kristallstrukturbestimmung
0%
1979 Herbert Charles Brown Vereinigte Staaten Borverbindungen in der organischen Synthese
0%
2000 Hideki Shirakawa Japan Leitfähige Polymere
0%
1977 Ilya Prigogine Belgien Irreversible Thermodynamik und dissipative Strukturen
0%
1932 Irving Langmuir Vereinigte Staaten Forschungen der Oberflächenchemie
0%
2004 Irwin Rose Vereinigte Staaten Ubiquitin-vermittelter Proteinabbau
0%
2017 Jacques Dubochet Schweiz Entwicklung der Kryo-Elektronenmikroskopie
0%
1946 James Batcheller Sumner Vereinigte Staaten Kristallisierbarkeit von Enzymen
0%
1959 Jaroslav Heyrovský Tschechoslowakei Polarographische Analysemethoden
0%
1987 Jean-Marie Lehn Frankreich Moleküle mit strukturspezifischer Wechselwirkung
0%
2016 Jean-Pierre Sauvage Frankreich Design und Synthese molekularer Maschinen
0%
2020 Jennifer A. Doudna Vereinigte Staaten CRISPR/Cas9-Genschere
0%
1997 Jens Christian Skou Dänemark Entdeckung der Natrium-Kalium-Ionenpumpe
0%
1985 Jerome Karle Vereinigte Staaten Direkte Methoden der Kristallstrukturbestimmung
0%
2017 Joachim Frank Vereinigte Staaten Deutschland Entwicklung der Kryo-Elektronenmikroskopie
0%
1988 Johann Deisenhofer BR Deutschland Struktur des photosynthetischen Reaktionszentrums
0%
1998 John Anthony Pople Vereinigtes Königreich Quantenchemische Berechnungsmethoden
0%
2002 John B. Fenn Vereinigte Staaten Massenspektrometrie biologischer Makromoleküle
0%
2019 John B. Goodenough Vereinigte Staaten Entwicklung von Lithium-Ionen-Batterien
0%
1962 John Cowdery Kendrew Vereinigtes Königreich Struktur von globularen Proteinen
0%
1986 John C. Polanyi Kanada Dynamik chemischer Elementarprozesse
0%
1997 John E. Walker Vereinigtes Königreich Mechanismus der ATP-Synthese
0%
1946 John Howard Northrop Vereinigte Staaten Reindarstellung von Enzymen und Virus-Proteinen
0%
2024 John M. Jumper Vereinigte Staaten Vereinigtes Königreich Vorhersage von Proteinstrukturen
0%
1975 John W. Cornforth Australien Vereinigtes Königreich Stereochemie von Enzym-Katalyse-Reaktionen
0%
1993 Kary Mullis Vereinigte Staaten Erfindung der Polymerase-Kettenreaktion (PCR)
0%
2002 Kōichi Tanaka Japan Massenspektrometrie biologischer Makromoleküle
0%
2002 Kurt Wüthrich Schweiz NMR-Spektroskopie biologischer Makromoleküle
0%
1968 Lars Onsager Vereinigte Staaten Thermodynamik irreversibler Prozesse
0%
1939 Leopold Ružička Schweiz Polymethylene und höhere Terpene
0%
2023 Louis Brus Vereinigte Staaten Entdeckung und Synthese von Quantenpunkten
0%
1970 Luis Federico Leloir Argentinien Zuckernukleotide und Biosynthese von Kohlenhydraten
0%
1967 Manfred Eigen BR Deutschland Extrem schnelle chemische Reaktionen
0%
1995 Mario J. Molina Vereinigte Staaten Chemie der Atmosphäre und Ozonabbau
0%
2008 Martin Chalfie Vereinigte Staaten Grün fluoreszierendes Protein (GFP)
0%
2013 Martin Karplus Vereinigte Staaten Österreich Computermodelle für komplexe chemische Systeme
0%
1962 Max Ferdinand Perutz Vereinigtes Königreich Struktur von globularen Proteinen
0%
1961 Melvin Calvin Vereinigte Staaten Assimilation von Kohlendioxid in Pflanzen
0%
2013 Michael Levitt Vereinigte Staaten Vereinigtes Königreich Computermodelle für komplexe chemische Systeme
0%
2022 Morten P. Meldal Dänemark Click-Chemie und bioorthogonale Chemie
0%
2023 Moungi Bawendi Vereinigte Staaten Tunesien Entdeckung und Synthese von Quantenpunkten
0%
2019 M. Stanley Whittingham Vereinigte Staaten Vereinigtes Königreich Entwicklung von Lithium-Ionen-Batterien
0%
1956 Nikolai Nikolajewitsch Semjonow Sowjetunion Mechanismus chemischer Reaktionen
0%
1969 Odd Hassel Norwegen Konformationsanalyse in der Chemie
0%
2008 Osamu Shimomura Japan Grün fluoreszierendes Protein (GFP)
0%
1910 Otto Wallach Deutsches Reich Arbeiten über alicyclische Verbindungen
0%
1997 Paul Delos Boyer Vereinigte Staaten Mechanismus der ATP-Synthese
0%
1974 Paul Flory Vereinigte Staaten Physikalische Chemie der Makromoleküle
0%
1995 Paul J. Crutzen Niederlande Chemie der Atmosphäre und Ozonabbau
0%
1937 Paul Karrer Schweiz Forschungen über Carotinoide und Vitamine
0%
2015 Paul Modrich Vereinigte Staaten Mechanismen der DNA-Reparatur
0%
1912 Paul Sabatier Frankreich Methode zur Hydrierung organischer Verbindungen
0%
2003 Peter Agre Vereinigte Staaten Entdeckung von Wasserkanälen in Zellmembranen
0%
1936 Peter Debye Niederlande Molekularstrukturen und Dipolmomente
0%
1978 Peter D. Mitchell Vereinigtes Königreich Biologische Energieübertragung (chemiosmotische Theorie)
0%
1996 Richard E. Smalley Vereinigte Staaten Entdeckung der Fullerene
0%
2017 Richard Henderson Vereinigtes Königreich Entwicklung der Kryo-Elektronenmikroskopie
0%
1938 Richard Kuhn Deutsches Reich Arbeiten über Carotinoide und Vitamine
0%
1952 Richard L. M. Synge Vereinigtes Königreich Erfindung der Verteilungschromatographie
0%
2025 Richard Robson Australien Entdeckung metallorganischer Gerüstverbindungen
0%
2005 Richard R. Schrock Vereinigte Staaten Metathese-Methode in der organischen Synthese
0%
1925 Richard Zsigmondy Deutsches Reich Natur kolloidaler Lösungen
0%
1984 Robert Bruce Merrifield Vereinigte Staaten Festphasensynthese von Peptiden
0%
1965 Robert B. Woodward Vereinigte Staaten Synthese organischer Naturstoffe
0%
1996 Robert F. Curl Vereinigte Staaten Entdeckung der Fullerene
0%
2005 Robert Grubbs Vereinigte Staaten Metathese-Methode in der organischen Synthese
0%
2012 Robert Lefkowitz Vereinigte Staaten G-Protein-gekoppelte Rezeptoren
0%
1966 Robert Mulliken Vereinigte Staaten Molekülorbitaltheorie und chemische Bindungen
0%
1947 Robert Robinson Vereinigtes Königreich Untersuchungen von Alkaloiden
0%
2003 Roderick MacKinnon Vereinigte Staaten Struktur von Ionenkanälen
0%
2006 Roger D. Kornberg Vereinigte Staaten Molekulare Grundlagen der eukaryotischen Transkription
0%
2008 Roger Tsien Vereinigte Staaten Grün fluoreszierendes Protein (GFP)
0%
1967 Ronald George Wreyford Norrish Vereinigtes Königreich Extrem schnelle chemische Reaktionen
0%
1992 Rudolph Arthur Marcus Vereinigte Staaten Theorie der Elektronenübertragungsreaktionen
0%
1989 Sidney Altman Kanada Vereinigte Staaten Katalytische Eigenschaften von RNA
0%
1972 Stanford Moore Vereinigte Staaten Chemische Struktur und katalytische Aktivität von Enzymen
0%
2014 Stefan Hell Deutschland Hochauflösende Fluoreszenzmikroskopie
0%
2025 Susumu Kitagawa Japan Entdeckung metallorganischer Gerüstverbindungen
0%
1903 Svante Arrhenius Schweden Theorie der elektrolytischen Dissoziation
0%
1914 Theodore William Richards Vereinigte Staaten Bestimmung von Atomgewichten
0%
1926 The Svedberg Schweden Arbeiten über disperse Systeme
0%
2009 Thomas A. Steitz Vereinigte Staaten Struktur und Funktion des Ribosoms
0%
1989 Thomas R. Cech Vereinigte Staaten Katalytische Eigenschaften von RNA
0%
2015 Tomas Lindahl Schweden Mechanismen der DNA-Reparatur
0%
2009 Venkatraman Ramakrishnan Vereinigtes Königreich Vereinigte Staaten Struktur und Funktion des Ribosoms
0%
1955 Vincent du Vigneaud Vereinigte Staaten Synthese von Polypeptidhormonen
0%
1975 Vladimir Prelog Schweiz Stereochemie organischer Moleküle und Reaktionen
0%
1980 Walter Gilbert Vereinigte Staaten Basensequenzen in Nukleinsäuren
0%
1998 Walter Kohn Vereinigte Staaten Entwicklung der Dichtefunktionaltheorie
0%
1937 Walter Norman Haworth Vereinigtes Königreich Forschungen über Kohlenhydrate und Vitamin C
0%
1946 Wendell Meredith Stanley Vereinigte Staaten Reindarstellung von Enzymen und Virus-Proteinen
0%
1960 Willard Libby Vereinigte Staaten Radiokarbonmethode (C-14-Datierung)
0%
1949 William Francis Giauque Vereinigte Staaten Chemische Thermodynamik bei extrem tiefen Temperaturen
0%
1972 William Howard Stein Vereinigte Staaten Chemische Struktur und katalytische Aktivität von Enzymen
0%
1976 William Lipscomb Vereinigte Staaten Struktur der Borane
0%
2014 William Moerner Vereinigte Staaten Hochauflösende Fluoreszenzmikroskopie
0%
1904 William Ramsay Vereinigtes Königreich Entdeckung der Edelgase
0%
2001 William S. Knowles Vereinigte Staaten Chiral katalysierende Hydrierungsreaktionen
0%
2005 Yves Chauvin Frankreich Metathese-Methode in der organischen Synthese
0%
Keine übereinstimmenden Quizze gefunden
Verteilung der Resultate
Anzahl Personen mit jedem Resultat
Perzentil nach korrekt beantworteten Fragen
Ihre Resultats-Entwicklung
Sie haben dieses Quiz noch nicht gespielt